Worterbuch der philosophischen Begriffe /

Saved in:
書目詳細資料
其他作者: Hoffmeister, Johannes
格式: 圖書
語言:German
出版: Hamburg : F. Meiner, c1955.
版:2. Aufl., Sonderausg.
叢編:Philosophische Bibliothek ; Bd. 225
主題:
LEADER 00955nam a2200253 a 4500
001 c000118900
003 CARM
005 00000000000000.0
008 890131s1955 gw bd 00010 ger
019 1 |a 6472920  |5 LACONCORD2021 
020 |a 3787307761 
035 |a (OCoLC)19810333  |5 LACONCORD2021 
050 0 0 |a B43  |b .W67 1955 
245 0 0 |a Worterbuch der philosophischen Begriffe /  |c herausgegeben von Johannes Hoffmeister. 
250 |a 2. Aufl., Sonderausg. 
260 |a Hamburg :  |b F. Meiner,  |c c1955. 
300 |a viii, 687 p. ;  |c 21 cm. 
490 0 |a Philosophische Bibliothek ;  |v Bd. 225 
504 |a Bibliography: p. 685-686. 
650 0 |a Philosophy  |x Dictionaries  |x German. 
700 1 |a Hoffmeister, Johannes. 
852 8 |b CARM  |h A2:AE09A0  |i B00203  |p 0019419  |f BK 
999 f f |i b2dacc33-ae31-520b-bb99-4041ffd9be87  |s 46d3da8c-b05a-5a2c-8a78-90bd47fde57e 
952 f f |p Can circulate  |a CAVAL  |b CAVAL  |c CAVAL  |d CARM 1 Store  |e B00203  |f A2:AE09A0  |h Other scheme  |i book  |m 0019419